| 000 | 00767cam a22002655a 4500 | ||
|---|---|---|---|
| 001 | 17617968 | ||
| 005 | 20161017111609.0 | ||
| 008 | 130208s2013 enka frbd 001 0 eng d | ||
| 020 | _a9781447148838 | ||
| 040 |
_aDLC _cDLC _beng _dEG-ScBUE |
||
| 082 | 0 | 4 |
_222 _a006.312 _bBRA |
| 100 | 1 | _aBramer, Max. | |
| 245 | 1 | 0 |
_aPrinciples of data mining / _cMax Bramer. |
| 250 | _a2nd ed. | ||
| 260 |
_aLondon : _bSpringer, _c2013. |
||
| 300 |
_axiv, 440 p. : _bill. ; _c24 cm. |
||
| 490 | 0 | _aUndergraduate topics in computer science. | |
| 500 | _aIndex : p. 435-440. | ||
| 500 | _aGlossary : p. 387-406. | ||
| 504 | _aIncludes bibliographical references. | ||
| 650 | 7 |
_2BUEsh _927695 _aData mining. |
|
| 651 | _2BUEsh | ||
| 653 |
_bCOMSCI _cOctober2016 |
||
| 942 | _2ddc | ||
| 999 |
_c22633 _d22605 |
||